Click the Country on the World Map - Land Mines #1 - Statistics

General Stats
  • This quiz has been taken 209 times
  • The average score is 5 of 15
Answers on the Map
Answers color-coded by a green-red scale on the quiz's map according to % correct below.
 
Answer Stats
Answer % Correct
China
44%
United States
44%
Australia
43%
Iran
42%
Myanmar
41%
Norway
41%
Finland
40%
United Kingdom
39%
Pakistan
38%
Sudan
38%
Guatemala
36%
Brazil
29%
Philippines
29%
India
24%
Morocco
21%
No matching quizzes found
Score Distribution
Percent of People with Each Score
Percentile by Number Answered
Your Score History
You have not taken this quiz